Music Quiz

Random Music Quiz
Score 0/300 Timer 10:00
0 Plays Today
Answer % Correct
I
97.3%
I
97.3%
I
97.3%
I
97.3%
out
97.3%
I
97.3%
I
97.3%
I
97.3%
I
97.3%
I
97.3%
I
97.3%
I
97.3%
I
97.3%
I
97.3%
I
97.3%
I
97.3%
out
97.3%
I
97.3%
I
97.3%
I
97.3%
I
97.3%
I
97.3%
I,
97.3%
I
97.3%
the
94.6%
the
94.6%
the
94.6%
outcast
94.6%
the
94.6%
outcast
94.6%
the
94.6%
outcast
94.6%
the
94.6%
outcast
94.6%
the
94.6%
the
94.6%
outcast
94.6%
the
94.6%
the
94.6%
the
94.6%
the
94.6%
be
91.9%
I'll
91.9%
just
91.9%
be
91.9%
just
91.9%
I'll
91.9%
just
91.9%
be
91.9%
I'll
91.9%
just
91.9%
be
91.9%
I'll
91.9%
just
91.9%
be
91.9%
I'll
91.9%
be
91.9%
be
91.9%
be
91.9%
a
89.2%
guess
89.2%
guess
89.2%
guess
89.2%
a
89.2%
a
89.2%
a
89.2%
a
89.2%
a
89.2%
a
89.2%
a
89.2%
like
86.5%
like
86.5%
like
86.5%
like
86.5%
like
86.5%
in
83.8%
it
83.8%
am
83.8%
am
83.8%
in
83.8%
am
83.8%
Yeah,
83.8%
it
83.8%
it
83.8%
in
83.8%
it
83.8%
it
83.8%
it
83.8%
in
83.8%
yeah
83.8%
no
83.8%
in
83.8%
it
83.8%
in
83.8%
up
81.1%
go
81.1%
up
81.1%
I'm
78.4%
I'm
78.4%
I'm
78.4%
Answer % Correct
I'm
78.4%
I'm
78.4%
I'm
78.4%
I'm
78.4%
I'm
78.4%
I'm
78.4%
my
75.7%
here,
75.7%
I'd
75.7%
rather
75.7%
good
75.7%
that
75.7%
me
75.7%
me,
75.7%
me
75.7%
to
75.7%
I'd
75.7%
rather
75.7%
to
75.7%
my
75.7%
where
75.7%
my
75.7%
good
75.7%
to
75.7%
here
75.7%
crowd
75.7%
that?
75.7%
me
75.7%
to
75.7%
me
75.7%
me
75.7%
to
75.7%
me
75.7%
that
75.7%
my
75.7%
music,
73%
kinda
73%
not
73%
coming
73%
down
73%
alone,
73%
not
73%
crowds
73%
is
73%
kinda
73%
not
73%
get
73%
don't
73%
you
73%
So
73%
don't
73%
at
73%
don't
73%
you
73%
and
73%
at,
73%
you
73%
don't
73%
you
73%
and
73%
And
73%
You
73%
so
73%
don't
73%
You
73%
high
70.3%
head's
70.3%
clouds
70.3%
was
70.3%
They
70.3%
they
70.3%
never
70.3%
now
70.3%
of
70.3%
was
70.3%
they
70.3%
never
70.3%
now
70.3%
now
70.3%
They
70.3%
now!
70.3%
Never
70.3%
of
70.3%
Which
67.6%
confusin',
67.6%
way
67.6%
for
67.6%
always
67.6%
way
67.6%
off
64.9%
been
64.9%
laughin',
64.9%
tell
64.9%
what
64.9%
being
64.9%
fit
64.9%
laughin'
64.9%
right
64.9%
put
64.9%
money
64.9%
Answer % Correct
What,
64.9%
put
64.9%
child
62.2%
tryna
62.2%
mold
62.2%
rap
62.2%
Cause'
62.2%
respectin'
62.2%
would
62.2%
got
62.2%
with
62.2%
with
62.2%
ain't
62.2%
trash
62.2%
tongue
62.2%
mouth's
62.2%
with
62.2%
Got
62.2%
got
62.2%
Ain't
62.2%
Got
62.2%
I've
59.5%
since
59.5%
myself
59.5%
women
59.5%
heard
59.5%
if
59.5%
little
59.5%
little
59.5%
puttin'
59.5%
take
59.5%
staple
59.5%
but
59.5%
on
59.5%
little
59.5%
think,
56.8%
record
56.8%
Maybe
56.8%
more
56.8%
want
56.8%
rappin'
56.8%
idiots,
56.8%
hundred
56.8%
weird
56.8%
weird
56.8%
weird
56.8%
know
56.8%
nobody
54.1%
else
54.1%
you're
54.1%
Feels
54.1%
person
54.1%
fine,
54.1%
smile,
54.1%
graphic
51.4%
That's
51.4%
cool,
51.4%
that's
51.4%
great,
51.4%
that's
51.4%
can
51.4%
leave
51.4%
meth
51.4%
lab
51.4%
care
48.6%
blend
48.6%
okay,
48.6%
though
48.6%
microphone
48.6%
reminiscin'
48.6%
Goosebumps
48.6%
track
48.6%
cookin'
48.6%
Nah,
45.9%
ah
45.9%
walkin'
45.9%
around
45.9%
did
45.9%
Intro
45.9%
whole
45.9%
back
45.9%
thinkin'
45.9%
paint
43.2%
caution
43.2%
tape
43.2%
gonna
43.2%
hold
43.2%
mad
40.5%
look
40.5%
about
37.8%
wanted
37.8%
something
37.8%
bad
37.8%
own
37.8%
eyes
37.8%
lost
37.8%
through
35.1%
blow
35.1%
front
35.1%
done
24.3%
Remove Ads.
Support Sporcle.
Get the best of Sporcle when you Go Orange. This ad-free experience offers more features, more stats, and more fun while also helping to support Sporcle. Thank you for becoming a member.

You're not logged in!

Compare scores with friends on all Sporcle quizzes.
OR
Log In

Show Comments

Extras

Created Dec 19, 2018ReportNominate

Top Quizzes Today


Score Distribution

Your Account Isn't Verified!

In order to create a playlist on Sporcle, you need to verify the email address you used during registration. Go to your Sporcle Settings to finish the process.

Report this User

Report this user for behavior that violates our Community Guidelines.

Details: